| 000 | 01431nam a22002417a 4500 | ||
|---|---|---|---|
| 999 |
_c59848 _d59848 |
||
| 003 | Ge_BSU | ||
| 005 | 20230428105246.0 | ||
| 008 | 230428s1987 ge ||||| |||| 00| 0 geo d | ||
| 041 | _ageo | ||
| 080 | _a94(37)(092) პ-46 | ||
| 100 |
_aპლუტარქე _916068 |
||
| 245 |
_aრჩეული ბიოგრაფიები. წ. 2 / _cპლუტარქე ; ძვ. ბერძნ. თარგმ., შესავალი წერილი და განმარტებები დაურთო აკაკი ურუშაძემ; რედ. თ. ყაუხჩიშვილი. |
||
| 264 |
_aთბილისი, _bთბილ. უნ-ტის გამ-ბა, _c1987. |
||
| 300 |
_a431 გვ.; _b20 სმ. |
||
| 500 | _aშენიშვნები: გვ. 405-430. | ||
| 501 | _aპარალ. სათაური რუს. და ფრანგ. ენ. | ||
| 653 | _aძველი რომაელი ისტორიული მოღვაწეები | ||
| 653 | _aძველი ბერძენი ისტორიული მოღვაწეები | ||
| 653 | _aთარგმანები ქართულ ენაზე | ||
| 700 |
_aყაუხჩიშვილი, თ. _eრედაქტორი. _917649 |
||
| 700 |
_aურუშაძე, აკაკი _eმთარგმნელი. _917854 |
||
| 942 |
_2udc _cBK |
||